000 02082nam0a2200313 4500
001 RU\NLR\bibl\898857
005 20260407120134.0
021 _aRU
_b2005-80569
_93979
035 _a(NLR Aleph) 000887308
090 _a1696403
_c1696403
100 _a20060120d2004 |||y0rusy50 ca
101 0 _arus
102 _aRU
105 _ay z |||||
200 1 _aОт качества образования - к качеству жизни. Материалы региональной научно-практической конференции, посвященной 70-летию Старооскольского геологоразведочного техникума
_eматериалы региональной научно-практической конференции, посвященной 70-летию Старооскольского геологоразведочного техникума (Старый Оскол, 16 дек. 2004 г.)
_f[отв. ред.: П.Е. Решетников - д.п.н., проф., засл. учитель РФ]
210 _aБелгород
_cИзд-во БелГУ
_d2004
215 _a305, [1] с.
_d22
300 _aВ надзаг.: Упр. образования и науки Белгород. обл., Белгород. гос. ун-т, Белгород. регион. ин-т повышения квалификации и проф. переподгот. специалистов
320 _aБиблиогр. в конце ст.
606 1 _aСредние специальные учебные заведения
_jСъезды, совещания и т.п.
_xПреподавание
_91679706
_3RU\NLR\auth\661044437
686 _aЧ471.2я431
702 1 _aРешетников
_bП. Е.
_gПетр Евдокимович
_4340
712 0 2 _4570
_aБелгородский государственный университет
_9396624
_3RU\NLR\AUTH\889950418
801 0 _aRU
_bNLR
_c20060120
_grcr
801 1 _aRU
_bNLR
_c20060120
942 _cBOOK
980 _aNB